Rural marketing / (Record no. 20290)

MARC details
000 -LEADER
fixed length control field 00562nam a22002177a 4500
003 - CONTROL NUMBER IDENTIFIER
control field OSt
008 - FIXED-LENGTH DATA ELEMENTS--GENERAL INFORMATION
fixed length control field 240207b2012 |||||||| |||| 00| 0 eng d
020 ## - INTERNATIONAL STANDARD BOOK NUMBER
International Standard Book Number 9788131760352,
082 ## - DEWEY DECIMAL CLASSIFICATION NUMBER
Classification number 658.8
Item number KAS-R
100 ## - MAIN ENTRY--PERSONAL NAME
Personal name Kashyap, Pradeep
245 ## - TITLE STATEMENT
Title Rural marketing /
Statement of responsibility, etc Pradeep Kashyap.
250 ## - EDITION STATEMENT
Edition statement 2nd
260 ## - PUBLICATION, DISTRIBUTION, ETC. (IMPRINT)
Place of publication, distribution, etc New Delhi :
Name of publisher, distributor, etc Pearson ,
Date of publication, distribution, etc 2012.
300 ## - PHYSICAL DESCRIPTION
Extent / Pages xxv, 301 p. ;
650 ## - SUBJECT ADDED ENTRY--TOPICAL TERM
Topical term or geographic name as entry element Cibles (Marketing) Inde
650 ## - SUBJECT ADDED ENTRY--TOPICAL TERM
Topical term or geographic name as entry element India
650 ## - SUBJECT ADDED ENTRY--TOPICAL TERM
Topical term or geographic name as entry element Industrie rurale Inde
650 ## - SUBJECT ADDED ENTRY--TOPICAL TERM
Topical term or geographic name as entry element Rural industries
650 ## - SUBJECT ADDED ENTRY--TOPICAL TERM
Topical term or geographic name as entry element Rural industries India
942 ## - ADDED ENTRY ELEMENTS (KOHA)
Source of classification or shelving scheme
Koha item type Books
Holdings
Withdrawn status Lost status Source of classification or shelving scheme Damaged status Not for loan Home library Current library Date acquired Total Checkouts Full call number Barcode Date last seen Copy number Bill Date Koha item type
          SOBD Library SOBD Library 07/02/2024   658.8 KAS-R1 SD1964 07/02/2024 1 07/02/2024 Books
Hosted, Implemented, Customized & Maintained by: BestBookBuddies

Powered by Koha